| 000 | 00586nam a2200181 a 4500 | ||
|---|---|---|---|
| 001 | 000046807 | ||
| 005 | 20201002053131.0 | ||
| 008 | 180328s2015 dr a 000 0 spa d | ||
| 020 | _a9789945481617 | ||
| 040 |
_aDO-SdBNP _bspa _cBNPHU |
||
| 082 |
_axxxx _bxxxx |
||
| 100 | 1 |
_aReyes Aquino, Víctor Ml. _974761 |
|
| 245 | 1 | 0 |
_aProcedimiento parlamentario orientado a las cooperativas / _cVíctor Ml. Reyes Aquino. |
| 260 |
_aSanto Domingo : _bCentenario, _c2015. |
||
| 300 |
_a40 p. : _bil. ; _c22 cm. |
||
| 500 | _aIncluye datos biográficos del autor | ||
| 590 | _aInventariado, 2018/BT | ||
| 999 |
_c46296 _d46296 |
||